02555nam a2200433 a 4500003000500000005001700005007000300022008004100025020002200066040002300088050002100111082002700132245017100159250001800330264004900348300007300397336002700470337002700497338002800524490007000552504002700622505022200649520087300871650001401744650003501758650003001793650001701823650001201840650002201852650001101874650002901885650002301914650001401937650001201951650001301963700003801976700003702014830007002051CHAP20230317190042.0ta230316s2013 mx adbof |||| 001 0 spa d a978-607-715-104-3 erdaamxchpuacCHAP10aTP339b.E54 201300a621.3121bE54 201322010aEnergía alterna y biocombustibles : binnovación e investigación para un desarrollo sustentable / ceditores Arturo Pérez Vázquez y Eliseo García Pérez  a1a edición  aMéxico : bColegio de Postgraduados,c2013 avi, 208 paginas : bilustraciones, gráficas, mapas, fotografías  2rdacontentatextobtxt 2rdamediaasin mediobn 2rdacarrieravolumenbnc1 aBiblioteca Básica de Agricultura (Colegio de Postgraduados)v41 aIncluye bibliografía0 aExperiencias exitosas -- – Energías alternas -- – Germoplasma y mejoramiento genético -- – Industrialización y comercialización -- – Manejo agronómico -- – Aspectos socioeconómicos y ambientales 2 aLos biocombustibles son un tema sin duda polémico, con relevancia actual y futura. En esta obra se incluyen 19 contribuciones de diferentes autores, presentadas en el Congreso Internacional sobre Biocombustibles y Energías Alternas, que se realizó en el World Trade Center de la ciudad de Boca del Río, Ver., México, en octubre de 2011. Aquí se presentan avances científicos importantes sobre fuentes de energía alterna y biocombustibles, por expertos de diversos países (Brasil, Alemania, Colombia, Argentina y México). Los estudiosos de estos temas podrán documentar aquí sus inquietudes sobre estos tópicos, así como encontrar resultados tangibles, cuya aplicación puede contribuir a mitigar los efectos de la crisis energética mundial y a paliar los efectos del cambio climático, acentuado por la quema de combustibles fósiles.13aEnergía13aFuentes de energía renovable13aIndustria bioenergética13aBioenergía13aBiomasa13aBiocombustibles 13aEnergy13aRenewable energy sources13aBioenergy industry13aBioenergy13aBiomass10aBiofuels1 aPérez Vázquez, Arturoeeditor1 aGarcía Pérez, Eliseoeeditor 0aBiblioteca Básica de Agricultura (Colegio de Postgraduados)n41